000 01123nam a22003137a 4500
001 5286
003 FISKH
005 20241122152308.0
008 241122b cb ||||| |||| 00| 0 eng d
020 _a9780439715652
040 _aFISKH
_beng
_cFISKH
_dFISKH
050 _aAG243.C355
082 _a031.02
100 _aCalkhoven, Laurie
245 _aFearless Feats :
_bIncredible Records of Human Achievement /
_cby Laurie Calkhoven
250 _aFirst printing, January 2005
260 _aNew York :
_bScholastic ;
_c2005 .
300 _a88 pages :
_billustrations ;
_c20 cm .
490 _aGuinness World Records
505 _aZ
520 _aA collection of Guinness World Records that chronicles strange human accomplishments, including listings and explanations of juggling chainsaws, bathing with rattlesnakes, pulling freight trains, and other oddities.
521 8 _a1110
_bLexile
521 8 _aZ
_bRAz-Plus
650 _aGuinness World Records
_vnon-fiction
650 _abooks in classroom
_vnon-fiction
700 _aBova, Louise
_edesigner
942 _2ddc
_cBK
_n0
999 _c5286
_d5286